=LDR 00000nam 2200000 4500 =001 INLIS000000000037356 =005 20130612143105 =008 ***********************************Eng** =035 ##$$0010-061300000037356 =041 ##$$a Eng =082 ##$$a 814 =090 ##$$a 814, Sie h =100 ##$$a Sie, Haly Setyawati =245 ##$$a Homeschooling creativing the best of me, Haly Setyawati Sie =260 ##$$a 2010 $b Jakarta =300 ##$$a xv, 168 hlm., ilus, 22 cm =650 ##$$a Homeschooling =850 ##$$a NBPNMAT